000 01466nam0a2200349 4500
001 RU\NLR\b_ik\152538
005 20260407144335.0
010 _a5-94420-021-9
_9500
035 _a(NLR Aleph) 002225576
090 _a3357709
_c3357709
100 _a20061019d2006 |||y0rusy50 ca
101 1 _aeng
_crus
102 _aRU
105 _aach |||||||||
200 1 _aParty number four
_eRodina: whence and why?
_fAlexei Titkov
_g[transl. by Mischa Gabowitsch]
210 _aMoscow
_cPanorama centre
_d2006
215 _a69 с.
_cил., факс., портр.
_d18
300 _aЗагл. обл.: Party No. 4
300 _aВ вып. дан.: Партия номер четыре : "Родина": куда и зачем?
300 _aНа обл. авт. не указан
320 _aБиблиогр. в примеч.: с. 67-69
512 1 _aParty No. 4
517 0 _aПартия номер четыре
_e"Родина": куда и зачем?
541 0 _aПартия номер четыре: "Родина". Куда и зачем?
_zrus
601 0 2 _a"Родина", политическая партия
_cРоссийская Федерация
_92392848
_3RU\NLR\AUTH\661426843
686 4 _aФ69(2)274.4
700 1 _aTitkov
_bA. S.
_gAleksej S
_4070
712 0 2 _4570
_8eng
_a"Rodina", political party
_cRussian Federation
_7ba
_3RU\NLR\AUTH\8810087873
_9677371
801 0 _aRU
_bNLR
_c20061019
_gPSBO
942 _cBOOK
980 _aNB